University Home | Library Home | Institutional Repository

The heart in anatomical transparencies. (Record no. 180863)

MARC details
000 -LEADER
fixed length control field 00824cam6a220022900 4500
001 - CONTROL NUMBER
control field qce00710357
005 - DATE AND TIME OF LATEST TRANSACTION
control field 20190830095633.0
008 - FIXED-LENGTH DATA ELEMENTS--GENERAL INFORMATION
fixed length control field 890309s1962 ilua 000 0 eng d
035 ## - SYSTEM CONTROL NUMBER
System control number (Sirsi) r65192
035 ## - SYSTEM CONTROL NUMBER
System control number (QCAT)lss05696329
035 ## - SYSTEM CONTROL NUMBER
System control number (UPRA)qce00710357
040 ## - CATALOGING SOURCE
Modifying agency UPRA
100 1# - MAIN ENTRY--PERSONAL NAME
Personal name Samter, Virginia.
Linkage A25202.1
245 14 - TITLE STATEMENT
Title The heart in anatomical transparencies.
260 ## - PUBLICATION, DISTRIBUTION, ETC.
Place of publication, distribution, etc. Chicago, IL :
Name of publisher, distributor, etc. Abbott Laboratories,
Date of publication, distribution, etc. c1962.
500 ## - GENERAL NOTE
General note "Prepared by Virginia Samter and Arnold W. Ryan under the supervision of Dr. Arnold Zimmermann"--P. 3 of cover.
650 #2 - SUBJECT ADDED ENTRY--TOPICAL TERM
Topical term or geographic name entry element Heart -- anatomy and histology
General subdivision Heart -- anatomy and histology
Linkage S18281.1
700 1# - ADDED ENTRY--PERSONAL NAME
Personal name Ryan, Arnold W.
Linkage A25203.1
710 2# - ADDED ENTRY--CORPORATE NAME
Corporate name or jurisdiction name as entry element Abbott Laboratories.
Linkage A25204.1
949 ## - LOCAL PROCESSING INFORMATION (OCLC)
a QM181
w lcc
i -87043
m MAIN
t BOOK
l ON-SHELF

No items available.

© 2026 - The University of Zambia Library - Koha v25.11